000 00784nam a2200241Ia 4500
003 OSt
005 20220923225021.0
006 a|||||r|||| 00| 0
007 ta
008 220922b |||||||| |||| 00| 0 hin d
024 _a255,263
037 _cTextual
040 _aARTS
_cARTS
_bhin
041 _2hin
_ahin
082 _aO152,1x, K8
100 _aसाहा, मधुसूदन, संपा.
245 0 _aयक्ष की नगरी
_b प्रत्यक्ष की नगरी
246 _aYakṣha kī nagarī: pratyakṣha kī nagarī
260 _c1968
650 _aहिन्दी साहित्य
_9156264
942 _hO152,1x, K8
_cTEXL
_2CC
999 _c375431
_d375431